To dance is human : a theory of nonverbal communication

Αποθηκεύτηκε σε:
Λεπτομέρειες βιβλιογραφικής εγγραφής
Κύριος συγγραφέας: Hanna, Judith Lynne
Μορφή: Βιβλίο
Γλώσσα:English
Δημοσίευση: Chicago; London : University of Chicago Press, 1987
Θέματα:
Ετικέτες: Προσθήκη ετικέτας
Δεν υπάρχουν, Καταχωρήστε ετικέτα πρώτοι!

MARC

LEADER 00000nam a2200000 i 4500
001 1/63616
008 930924s eng d
020 |a 0-226-31549-5 
035 |a ΛΕΣΒΟΣb10001240  |l 10001240 
040 |a GR-MY-UA  |b gre  |e aacr 
041 0 |a eng 
082 0 |a 793.309 
100 1 |a Hanna, Judith Lynne. 
245 1 0 |a To dance is human :  |b a theory of nonverbal communication /  |c Judity Lynne Hanna 
260 |a Chicago; London :   |b University of Chicago Press,   |c 1987 
300 |a 269 p.  |b fig.; tables 
504 |a Bibliography: p.271-312. Includes index. 
650 0 0 |a Dance  |x History. 
650 0 0 |a Nonverbal communication. 
852 |a INST  |b LESVOS  |e 19930924  |h 793.309 HAN  |p 005100005171  |q 005100005171  |t BK  |y 0 
909 |a Λ  |b 012270